| 000 | 00000nam 2200000za 4500 |
| 001 | 9.569990 |
| 003 | CaOODSP |
| 005 | 20210624182028 |
| 007 | cr ||||||||||| |
| 008 | 150406s2003||||onca||||osbs f000 0 eng d |
| 040 | |aCaOODSP|beng |
| 043 | |an-cn-qu |
| 086 | 1 |aNH18-1-2/150-2003E-PDF |
| 100 | 1 |aDesgagné, Martin. |
| 245 | 10|aHousing Education Program, phase A |h[electronic resource] : |ba summary and consultation regarding existing rental housing in Cree communities (Eastman Pilot Project) 2001, final report / |cprepared by the CRA (Martin Desgagné) and box architectures (Isabelle Champagne and Maïti Chagny) for the Cree Nation of Eastmain and Eastmain Rental Housing Department with the financial support from CMHC, the Cree Regional Authority and the Cree Nation of Eastmain. |
| 260 | |a[Ottawa] : |bCanada Mortgage and Housing Corporation, |c2003. |
| 300 | |aii, 1, 44 p. : |bIll. |
| 490 | 1 |aResearch report |
| 504 | |aIncludes bibliographical references. |
| 590 | |a11-26-Supp|b2011-11-03 |
| 710 | 2 |aCanada Mortgage and Housing Corporation. |
| 830 | #0|aResearch report (Canada Mortgage and Housing Corporation : Online)|w(CaOODSP)9.506068 |
| 856 | 40|ahttp://publications.gc.ca|qPDF|s841 KB|uhttps://publications.gc.ca/collections/collection_2011/schl-cmhc/nh18-1-2/NH18-1-2-150-2003-eng.pdf |